000 00708nam a2200229Ia 4500
003 OSt
005 20221005130330.0
006 a|||||r|||| 00| 0
007 ta
008 221004b |||||||| |||| 00| 0 eng d
024 _a58937
037 _cTextual
040 _aCRL
_cCRL
_beng
041 _2eng
_aeng
082 _aU8:235:M5, A
100 _aPaget WH
245 0 _aRecord of the expeditions undertaken against the North-West frontier tribes compiled from the military and political despatches Lieut-Colonel McGregor's gazetteer and other officials sources.
260 _c1800
650 _aGEOGRAPHY
942 _hU8:235:M5, A
_cTEXL
_2cc
999 _c1056878
_d1056878